|
|
|
|
| LEADER |
00000cam a2200000 7i4500 |
| 001 |
0000029874 |
| 005 |
20100818.0 |
| 008 |
100818 |
| 020 |
|
|
|a 0141323923
|
| 090 |
0 |
0 |
|a JF
|b ENG
|
| 245 |
1 |
0 |
|a Primeval :
|b dangerous dimension
|c adapted by Pippa Le Quesne
|
| 260 |
|
|
|a London :
|b Puffin Books ,
|c 2008
|
| 440 |
|
|
|a Primeval; 2
|
| 650 |
|
0 |
|a Animal, fossil
|
| 650 |
|
0 |
|a Cutter, Nick (Fictitious character)
|x Juvenile fiction
|
| 650 |
|
0 |
|a Paleontologists
|x Juvenile fiction
|
| 655 |
0 |
0 |
|a Children's stories
|
| 655 |
0 |
0 |
|a Radio and television novels
|
| 655 |
0 |
0 |
|a Science fiction
|
| 999 |
|
|
|a 0001040567
|b Book
|c Children Collection
|e Perbadanan Perpustakaan Awam Johor
|